| 000 | 00000nam##2200000za#4500 |
| 001 | 9.698349 |
| 003 | CaOODSP |
| 005 | 20210624235904 |
| 007 | cr ||||||||||| |
| 008 | 150407|2000||||xxc|||||o f|0| 0 eng|d |
| 040 | |aCaOODSP|beng |
| 043 | |an-cn--- |
| 086 | 1 |aSC3-89/2000E-PDF |
| 110 | 1 |aCanada.|bPublic Service Commission of Canada. |bPublic Service Commission Advisory Council. |
| 245 | 10|aRecourse and redress in the public service |h[electronic resource] |
| 260 | |aOttawa - Ontario : |bPublic Service Commission. |c2000. |
| 300 | |a12p.|btables |
| 500 | |aThe catalogue number (SC3-89/2000) and ISBN (0-662-65170-7) for the bilingual print edition have been incorrectly copied in this electronic publication. |
| 590 | |a13-19-Supp|b2013-08-14 |
| 690 | 07|aHuman resources|2gcpds |
| 690 | 07|aPublic service|2gcpds |
| 775 | 08|tLes recours et les mesures de réparation à la fonction publique |w(CaOODSP)9.642362 |
| 776 | 0#|tRecourse and redress in the public service : |w(CaOODSP)9.662083 |
| 776 | 0#|tLes recours et les mesures de réparation à la fonction publique : |w(CaOODSP)9.662084 |
| 856 | 40|ahttp://publications.gc.ca|qPDF|s177 KB|uhttps://publications.gc.ca/collections/Collection/SC3-89-2000E.pdf |